American Water Works Association journal
Αποθηκεύτηκε σε:
| Συγγραφή απο Οργανισμό/Αρχή: | |
|---|---|
| Μορφή: | Περιοδική έκδοση |
| Γλώσσα: | English |
| Δημοσίευση: |
Denver, Co :
American Water Works Association,
c1948-
|
| Θέματα: | |
| Ετικέτες: |
Προσθήκη ετικέτας
Δεν υπάρχουν, Καταχωρήστε ετικέτα πρώτοι!
|
MARC
| LEADER | 00000nas a2200000 i 4500 | ||
|---|---|---|---|
| 001 | 1/40861 | ||
| 008 | 030916c19489999us r r | |eng|| | ||
| 022 | |a 0003-150X | ||
| 035 | |l 10070887 | ||
| 040 | |a GR-MY-UA |b gre |e aacr | ||
| 041 | 0 | |a eng | |
| 082 | 0 | |a 628 |2 (20) | |
| 110 | 2 | |a American Water Works Association. | |
| 245 | 1 | 0 | |a American Water Works Association journal |h [περιοδικό] / |c American Water Works Association. |
| 246 | 3 | 3 | |a Journal AWWA [περιοδικό] |
| 246 | 3 | 3 | |a American Water Works Association journal [περιοδικό] |
| 260 | |a Denver, Co : |b American Water Works Association, |c c1948- | ||
| 300 | |a v. ; |c 28 εκ. | ||
| 310 | |a Μηνιαίο | ||
| 500 | |a Συνοποτική σημείωση παλαιότερων τευχών: Vol.78:No.1-Vol.87:No.4 (1986:JAN-1995:APR), Vol.87:No.9-Vol.91:No.12 (1995:SEP-1999:DEC), Vol.93:No.3-Vol.94:No.2 (2001:MAR-2002:FEB), Vol.94:No.7-Vol.94:No.12 (2002:JUL-2002:DEC)- Τε΄υχη που λε΄ιπουν: Vol.87:No.5-Vol.87:No.8 (1995:MAI-1995:AUG), Vol.92:No.1-Vol.92:No.2 (2000:JAN-2000:FEB), Vol.94:No.3-Vol.94:No.6 (2002:MAR-2002:JUL) | ||
| 650 | 4 | |a Water-supply engineering |x Periodicals. | |
| 650 | 0 | 0 | |a Water-supply |x Periodicals. |
| 853 | |a INST |b LESVOS |c SER |h 628 | ||
| 901 | |a BIBL1-2003-2 | ||
| 922 | |a 1ΕΛΗ |b 198601 |c ΤΜΗΜΑ ΠΕΡΙΒΑΛΛΟΝΤΟΣ | ||
| 970 | |a ΤΖΑΦΕΡΗ |b ΕΥΑΓΓΕΛΙΑ |z 2003/09/17 | ||